| 000 | 01066nam a22001817a 4500 | ||
|---|---|---|---|
| 999 |
_c59446 _d59446 |
||
| 003 | Ge_BSU | ||
| 005 | 20230217121149.0 | ||
| 008 | 230217s2003 ge ||||| |||| 00| 0 geo d | ||
| 020 | _a9992880856 | ||
| 041 | _ageo | ||
| 080 | _a346.26(479.22) +347.7(479.22) ს-21 | ||
| 245 |
_aსამაგიდო წიგნი : _bიურისტებისათვის, ეკონომისტებისათვის, საქმიანი ადამიანებისათვის : ცვლილებებითა და დამატებებით 2003 წლის 25 ნოემბრამდე : საკანონმდებლო აქტების კრებული. |
||
| 264 |
_aთბილისი : _bბონა კაუზა, _c2003. |
||
| 300 |
_a432 გვ. ; _b20 სმ. |
||
| 653 | _aსაქართველოს სამეწარმეო სამართალი | ||
| 653 | _aსაქართველოს სავაჭრო სამართალი | ||
| 942 |
_2udc _cBK |
||